[Event "Velez op 10th"]
[Site "Velez Santander"]
[Date "2023.11.01"]
[Round "1"]
[White "Suasnabar, Jesus"]
[Black "Vivas Zamora, Fabian Ernesto"]
[Result "0-1"]
[WhiteElo "1963"]
[BlackElo "2375"]
[PlyCount "58"]
[EventDate "2023.11.01"]
[EventType "swiss"]
[EventRounds "10"]
[EventCountry "COL"]
[SourceTitle "Mega2024 Update 01"]
[Source "Chessbase"]
[SourceDate "2023.11.12"]
[SourceVersion "1"]
[SourceVersionDate "2023.11.12"]
[SourceQuality "1"]

1. e4 c5 2. c3 d5 3. exd5 Qxd5 4. d4 g6 5. Nf3 Bg7 6. Be2 cxd4 7. cxd4 Nh6 8. 0-0 0-0 9. Nc3 Qa5 10. d5 Rd8 11. Qb3 Na6 12. Bg5 Nf5 13. Rad1 h6 14. Bf4 Nd6 15. Bxd6 exd6 16. Nd4 Bd7 17. Ncb5 Nc5 18. Qg3 Bxb5 19. Nxb5 Qxa2 20. Rb1 Be5 21. Qh4 a6 22. Nc7 Rac8 23. Bc4 Qa4 24. b4 Nd7 25. Bb3 Qa3 26. Rfc1 Nf6 27. Qxh6 Bb2 28. Ne6 Ng4 29. Qh4 Bf6 0-1

[Event "Buenos Aires Masters op"]
[Site "Buenos Aires"]
[Date "2023.06.18"]
[Round "6"]
[White "Roepke, Sofia"]
[Black "Suasnabar, Jesus"]
[Result "1/2-1/2"]
[WhiteElo "1846"]
[BlackElo "1922"]
[PlyCount "39"]
[EventDate "2023.06.14"]
[EventType "swiss"]
[EventRounds "9"]
[EventCountry "ARG"]
[SourceTitle "CBM 215 Extra"]
[Source "ChessBase"]
[SourceDate "2023.09.30"]
[SourceVersion "1"]
[SourceVersionDate "2023.09.30"]
[SourceQuality "1"]

1. e4 c5 2. Nf3 a6 3. c3 g6 4. d4 cxd4 5. cxd4 d5 6. e5 Bg4 7. Qb3 Ra7 8. Nbd2 Bg7 9. h3 Bxf3 10. Nxf3 Nh6 11. Bd3 0-0 12. 0-0 Nc6 13. Bd2 Qd7 14. Bc3 b5 15. a3 e6 16. Qd1 f6 17. exf6 Bxf6 18. Qe2 Nf5 19. Bxf5 exf5 20. Rfe1 1/2-1/2

[Event "Titled Tuesday intern op 08th June"]
[Site "Chess.com INT"]
[Date "2021.06.08"]
[Round "1"]
[White "Das, Arghyadip"]
[Black "Suasnabar, Jesus"]
[Result "0-1"]
[WhiteElo "2453"]
[BlackElo "1952"]
[PlyCount "78"]
[EventDate "2021.06.08"]
[EventType "swiss (blitz)"]
[EventRounds "11"]
[EventCountry "USA"]
[SourceTitle "CBM 202 Extra"]
[Source "ChessBase"]
[SourceDate "2021.07.31"]
[SourceVersion "1"]
[SourceVersionDate "2021.07.31"]
[SourceQuality "1"]

1. e4 c5 2. Nf3 e6 3. d4 cxd4 4. Nxd4 a6 5. c4 Qc7 6. Nc3 Nf6 7. Be2 b6 8. 0-0 Bb7 9. Qd3 Nc6 10. Nxc6 Bxc6 11. f4 d6 12. Be3 Be7 13. Rac1 Qb7 14. Bf3 0-0 15. b4 b5 16. a3 Rad8 17. cxb5 axb5 18. Bf2 d5 19. e5 Ne4 20. Bd4 Ra8 21. Ra1 f5 22. Qe3 h6 23. Bxe4 dxe4 24. Bc5 Bxc5 25. bxc5 Rfd8 26. Rfd1 Rxd1+ 27. Rxd1 Rxa3 28. Qd4 b4 29. Nb1 Ra2 30. Nd2 e3 31. Qxe3 Bxg2 32. Re1 Bh1 33. Re2 Ra1+ 34. Nf1 b3 35. Qc3 Qb5 36. Rf2 Ra2 37. Nd2 Rc2 38. Qxb3 Rc1+ 39. Rf1 Rxf1+ 0-1

[Event "Titled Tuesday intern op 08th June"]
[Site "Chess.com INT"]
[Date "2021.06.08"]
[Round "10"]
[White "Suasnabar, Jesus"]
[Black "Isajevsky, Anton"]
[Result "0-1"]
[WhiteElo "1952"]
[BlackElo "2403"]
[PlyCount "52"]
[EventDate "2021.06.08"]
[EventType "swiss (blitz)"]
[EventRounds "11"]
[EventCountry "USA"]
[SourceTitle "CBM 202 Extra"]
[Source "ChessBase"]
[SourceDate "2021.07.31"]
[SourceVersion "1"]
[SourceVersionDate "2021.07.31"]
[SourceQuality "1"]

1. e4 g6 2. d4 Bg7 3. Nc3 d6 4. g3 a6 5. Bg2 b5 6. a3 Bb7 7. Nge2 Nd7 8. 0-0 c5 9. Be3 cxd4 10. Nxd4 Nc5 11. f3 Nf6 12. Qd2 0-0 13. Rad1 Rc8 14. Rfe1 Qc7 15. h3 Rfd8 16. Bf2 e5 17. Nde2 d5 18. exd5 Nxd5 19. Nxd5 Rxd5 20. Qe3 Na4 21. f4 Rxd1 22. Rxd1 Bxg2 23. Kxg2 Nxb2 24. Rb1 Nc4 25. Qd3 e4 26. Qxe4 Nd2 0-1

[Event "Titled Tuesday intern op 18th May"]
[Site "Chess.com INT"]
[Date "2021.05.18"]
[Round "3"]
[White "Ronka, Erik"]
[Black "Suasnabar, Jesus"]
[Result "1-0"]
[WhiteElo "2303"]
[BlackElo "1952"]
[PlyCount "111"]
[EventDate "2021.05.18"]
[EventType "swiss (blitz)"]
[EventRounds "11"]
[EventCountry "USA"]
[SourceTitle "CBM 202 Extra"]
[Source "ChessBase"]
[SourceDate "2021.07.31"]
[SourceVersion "1"]
[SourceVersionDate "2021.07.31"]
[SourceQuality "1"]

1. d4 d5 2. c4 e6 3. Nc3 c5 4. cxd5 cxd4 5. Qxd4 Nc6 6. Qd1 exd5 7. Qxd5 Bd7 8. Nf3 Nf6 9. Qd1 Bc5 10. e3 Qe7 11. Bc4 0-0-0 12. Qe2 Bg4 13. h3 Bh5 14. g4 Bg6 15. 0-0 h5 16. g5 Ne4 17. Nd5 Qd7 18. Nf4 Bf5 19. Kg2 f6 20. g6 Ng5 21. Ng1 Rhe8 22. b4 Nd4 23. Qb2 Be4+ 24. f3 Ndxf3 25. Nxf3 Nxf3 26. Rxf3 Bxf3+ 27. Kxf3 Qc6+ 28. Kf2 Bb6 29. Qc2 Re4 30. Be6+ Rxe6 31. Qf5 Rdd6 32. Bd2 Rxd2+ 33. Ke1 Bc7 34. Qxe6+ Qxe6 35. Nxe6 Rh2 36. Rc1 Rh1+ 37. Kd2 Rxc1 38. Kxc1 Kd7 39. Nxg7 Ke7 40. Nf5+ Kf8 41. Kd2 a6 42. Kd3 Be5 43. Ke4 b6 44. Kd5 Bc3 45. a3 Bb2 46. a4 b5 47. axb5 axb5 48. Kc5 Ba3 49. Kxb5 Bc1 50. Kc6 Bxe3 51. Nxe3 f5 52. Nxf5 h4 53. b5 Kg8 54. b6 Kh8 55. b7 Kg8 56. b8Q# 1-0

[Event "Titled Tuesday intern op 18th May"]
[Site "Chess.com INT"]
[Date "2021.05.18"]
[Round "1"]
[White "Suasnabar, Jesus"]
[Black "Shuvalova, Polina"]
[Result "1-0"]
[WhiteElo "1952"]
[BlackElo "2484"]
[PlyCount "71"]
[EventDate "2021.05.18"]
[EventType "swiss (blitz)"]
[EventRounds "11"]
[EventCountry "USA"]
[SourceTitle "CBM 202 Extra"]
[Source "ChessBase"]
[SourceDate "2021.07.31"]
[SourceVersion "1"]
[SourceVersionDate "2021.07.31"]
[SourceQuality "1"]

1. e4 c6 2. d4 d5 3. exd5 cxd5 4. c4 Nf6 5. Nc3 e6 6. Nf3 Bb4 7. cxd5 Nxd5 8. Bd2 0-0 9. Bd3 Nc6 10. 0-0 Be7 11. a3 Bf6 12. Qc2 g6 13. Bh6 Re8 14. Rad1 Nxc3 15. bxc3 b6 16. h4 Bb7 17. h5 Ne7 18. Rfe1 Bxf3 19. gxf3 Qd5 20. hxg6 hxg6 21. Be4 Qh5 22. Bxa8 Rxa8 23. Qe4 Rd8 24. Bd2 Rd5 25. Qg4 Qh8 26. Kg2 Nf5 27. Rh1 Nh4+ 28. Kf1 Kg7 29. Bf4 Rh5 30. Bg3 Qd8 31. c4 Bg5 32. d5 exd5 33. Rxd5 Qe7 34. Bf4 f5 35. Bxg5 Rxg5 36. Qxh4 1-0

[Event "Titled Tuesday intern op 11th May"]
[Site "Chess.com INT"]
[Date "2021.05.11"]
[Round "10"]
[White "Buscar, Michael"]
[Black "Suasnabar, Jesus"]
[Result "1-0"]
[WhiteElo "2088"]
[BlackElo "1952"]
[PlyCount "63"]
[EventDate "2021.05.11"]
[EventType "swiss (blitz)"]
[EventRounds "11"]
[EventCountry "USA"]
[SourceTitle "CBM 202 Extra"]
[Source "ChessBase"]
[SourceDate "2021.07.31"]
[SourceVersion "1"]
[SourceVersionDate "2021.07.31"]
[SourceQuality "1"]

1. d4 d5 2. Bf4 c5 3. e3 Qb6 4. Nc3 e6 5. Nb5 Na6 6. a4 Nf6 7. Nf3 Be7 8. Ne5 0-0 9. g4 Nd7 10. g5 f6 11. gxf6 Bxf6 12. Nxd7 Bxd7 13. c3 cxd4 14. cxd4 Rac8 15. Bd3 Qa5+ 16. Kf1 Nb4 17. Bb1 Bxb5+ 18. axb5 Qxb5+ 19. Kg2 Nc6 20. Rg1 Bxd4 21. Qh5 g6 22. Kh1 Bg7 23. Rxg6 hxg6 24. Bxg6 Rxf4 25. exf4 Qxb2 26. Rg1 Qxf2 27. Bf7+ Kf8 28. Bxe6 Ne5 29. Bxc8 Nf3 30. Qf5+ Ke7 31. Qd7+ Kf6 32. Qxg7# 1-0

[Event "Titled Tuesday intern op 11th May"]
[Site "Chess.com INT"]
[Date "2021.05.11"]
[Round "7"]
[White "Estrada Nieto, Julian"]
[Black "Suasnabar, Jesus"]
[Result "1-0"]
[WhiteElo "2280"]
[BlackElo "1952"]
[PlyCount "93"]
[EventDate "2021.05.11"]
[EventType "swiss (blitz)"]
[EventRounds "11"]
[EventCountry "USA"]
[SourceTitle "CBM 202 Extra"]
[Source "ChessBase"]
[SourceDate "2021.07.31"]
[SourceVersion "1"]
[SourceVersionDate "2021.07.31"]
[SourceQuality "1"]

1. e4 c5 2. Nf3 e6 3. c3 d5 4. exd5 exd5 5. d4 Nc6 6. Bb5 Bd6 7. dxc5 Bxc5 8. 0-0 Nge7 9. Nbd2 0-0 10. Nb3 Bb6 11. Re1 Bg4 12. Be3 Bxe3 13. Rxe3 Nf5 14. Rd3 Ne5 15. Rxd5 Bxf3 16. Rxd8 Bxd1 17. Rxf8+ Kxf8 18. Rxd1 a6 19. Be2 Ke7 20. Nd4 Nd6 21. f4 Nec4 22. Bxc4 Nxc4 23. b3 Nd6 24. Re1+ Kf6 25. Kf2 b5 26. g4 h6 27. h4 Rc8 28. g5+ hxg5 29. hxg5+ Kg6 30. Re3 Rxc3 31. Re7 Rd3 32. Nf3 Rc3 33. Ne5+ Kh5 34. Nxf7 Rc2+ 35. Kf3 Nxf7 36. Rxf7 Rxa2 37. Rxg7 Rb2 38. Rh7+ Kg6 39. Rh6+ Kg7 40. Rxa6 Rxb3+ 41. Kg4 Rb1 42. Kf5 b4 43. Rb6 b3 44. Rb7+ Kf8 45. Kf6 Ke8 46. f5 b2 47. g6 1-0

[Event "Titled Tuesday intern op 11th May"]
[Site "Chess.com INT"]
[Date "2021.05.11"]
[Round "3"]
[White "Mikhalevski, Victor"]
[Black "Suasnabar, Jesus"]
[Result "1-0"]
[WhiteElo "2573"]
[BlackElo "1952"]
[PlyCount "59"]
[EventDate "2021.05.11"]
[EventType "swiss (blitz)"]
[EventRounds "11"]
[EventCountry "USA"]
[SourceTitle "CBM 202 Extra"]
[Source "ChessBase"]
[SourceDate "2021.07.31"]
[SourceVersion "1"]
[SourceVersionDate "2021.07.31"]
[SourceQuality "1"]

1. Nf3 c5 2. g3 d5 3. Bg2 Nc6 4. d4 Nf6 5. 0-0 e6 6. c4 dxc4 7. dxc5 Qxd1 8. Rxd1 Bxc5 9. Nbd2 c3 10. bxc3 0-0 11. Nb3 Bb6 12. c4 Ne4 13. e3 e5 14. Bb2 Be6 15. Nxe5 Nxe5 16. Bxe5 Nc5 17. Bd6 Nxb3 18. axb3 Rfd8 19. Bxb7 Bg4 20. Bxa8 Bxd1 21. Rxd1 Bc5 22. Bxc5 Rxd1+ 23. Kg2 a5 24. Bb6 Rb1 25. Bxa5 Rxb3 26. Bd5 Rb1 27. c5 Rb5 28. Bb6 Kf8 29. c6 Rxb6 30. c7 1-0

[Event "Guayaquil zt 2.4"]
[Site "Guayaquil"]
[Date "2019.04.14"]
[Round "9"]
[White "Esmeraldas Huachi, Anderson Yahir"]
[Black "Suasnabar, Jesus"]
[Result "0-1"]
[WhiteElo "1781"]
[BlackElo "1847"]
[PlyCount "38"]
[EventDate "2019.04.09"]
[EventType "swiss"]
[EventRounds "9"]
[EventCountry "ECU"]
[SourceTitle "CBM 189 Extra"]
[Source "ChessBase"]
[SourceDate "2019.06.03"]
[SourceVersion "1"]
[SourceVersionDate "2019.06.03"]
[SourceQuality "1"]

1. d4 d5 2. c4 dxc4 3. Nc3 e5 4. e3 exd4 5. exd4 Nf6 6. Bxc4 Bd6 7. Nf3 0-0 8. 0-0 Nc6 9. h3 Bf5 10. a3 h6 11. Be3 a6 12. Ba2 Qd7 13. Ne2 Rae8 14. d5 Ne5 15. Ned4 Bxh3 16. gxh3 Qxh3 17. Re1 Neg4 18. Nf5 Bh2+ 19. Kh1 Rxe3 0-1